书目信息 |
| 题名: |
数学考研模拟考试试卷·经济类
|
|
| 作者: | 龚冬保 主编 | |
| 分册: | ||
| 出版信息: | 西安 西安交通大学出版社 2002.11 |
|
| 页数: | 61页 | |
| 开本: | 26cm | |
| 丛书名: | ||
| 单 册: | ||
| 中图分类: | O13-44 | |
| 科图分类: | ||
| 主题词: | 高等数学 | |
| 电子资源: | ||
| ISBN: | 7-5605-1591-6 | |
| 000 | 00588nam0 2200193 45 | |
| 001 | 0433650946 | |
| 005 | 2004042809205026 | |
| 010 | @a7-5605-1591-6@d15.00CNY | |
| 100 | @a20040428d2002 km y0chiy0120 ea | |
| 101 | 0 | @achi |
| 102 | @aCN@b610000 | |
| 200 | 1 | @a数学考研模拟考试试卷·经济类@AShu Xue Kao Yan Mo Ni Kao Shi Shi Juan·Jing Ji Lei@f龚冬保主编@FGong Dong Bao Zhu Bian |
| 210 | @a西安@c西安交通大学出版社@d2002.11 | |
| 215 | @a61页@d26cm | |
| 606 | 0 | @a高等数学 |
| 690 | @aO13-44@v4 | |
| 701 | 0 | @a龚冬保@AGong Dong Bao@4主编 |
| 801 | 0 | @aCN@bPFT@c20040428 |
| 905 | @dO13-44@eG3801 | |
| 数学考研模拟考试试卷·经济类/龚冬保主编.-西安:西安交通大学出版社,2002.11 |
| 61页;26cm |
| ISBN 7-5605-1591-6:15.00CNY |
| ● |
| 相关链接 |
|
|
|
正题名:数学考研模拟考试试卷·经济类
索取号:O13-44/G3801
 
预约/预借
| 序号 | 登录号 | 条形码 | 馆藏地/架位号 | 状态 | 备注 |
| 1 | 397853 | 203978534 | 自科二线504/504自科库 48排2列2层/ [索取号:O13-44/G3801] | 在馆 | |
| 2 | 397854 | 203978543 | 自科二线504/504自科库 48排2列2层/ [索取号:O13-44/G3801] | 在馆 | |
| 3 | 397855 | 203978552 | 自科二线504/504自科库 48排2列2层/ [索取号:O13-44/G3801] | 在馆 |